000 00642nam a2200217 a 4500
001 5725
003 CO-ViMGA
008 141112s2004 ck r 000 u spa d
040 _aCO-ViMGA
_bspa
_cCO-ViMGA
082 _aFr918.61562 V455
100 1 _aAlcaldia villavicencio
_94031
245 1 0 _aConozcamos a Villavicencio
260 _aVillavicencio :
_bEurolibros,
_c1997
300 _a252 p : il
500 _aEn : Conozcamos a Villavicencio; Fr 918.61562 V455
590 _aEjemplares : 4
650 1 4 _aMONOGRAFIA - VILLAVICENCIO
_94032
650 1 4 _aVILLAVICENCIO
_94033
650 1 4 _aVILLAVICENCIO - GEOGRAFIA
_94034
942 _2ddc
_cBK
999 _c10664
_d10664